An introduction to the theory of linear spaces (Record no. 50574)
[ view plain ]
| 000 -LEADER | |
|---|---|
| fixed length control field | 00758nam a2200241 a 4500 |
| 001 - CONTROL NUMBER | |
| control field | 50574 |
| 003 - CONTROL NUMBER IDENTIFIER | |
| rucl marc code | BD-RjUL |
| 005 - DATE AND TIME OF LATEST TRANSACTION | |
| control field | 20211209075530.0 |
| 008 - FIXED-LENGTH DATA ELEMENTS--GENERAL INFORMATION | |
| fixed length control field | 160827s1961 enka|||| |||| 001 0 eng d |
| 035 ## - SYSTEM CONTROL NUMBER | |
| System control number | (BD-RjUL)50694 |
| 040 ## - CATALOGING SOURCE | |
| Original cataloging agency | BD-RjUL |
| Language of cataloging | eng |
| Transcribing agency | BD-RjUL |
| 041 ## - LANGUAGE CODE | |
| Language code of text/sound track or separate title | eng |
| 082 ## - DEWEY DECIMAL CLASSIFICATION NUMBER | |
| Edition number | 23 |
| Classification number | 512.51 |
| Author mark and year | SHI 1961 |
| 100 ## - MAIN ENTRY--PERSONAL NAME | |
| Personal name | Shilov, Georgi E. |
| 9 (RLIN) | 151469 |
| 245 13 - TITLE STATEMENT | |
| Title | An introduction to the theory of linear spaces |
| Statement of responsibility, etc. | Georgi E. Shilov ; Translated by Richard A. Silverman |
| 260 ## - PUBLICATION, DISTRIBUTION, ETC. (IMPRINT) | |
| Place of publication, distribution, etc. | New Jersey : |
| Name of publisher, distributor, etc. | Prentice-Hall, |
| Date of publication, distribution, etc. | 1961 |
| 300 ## - PHYSICAL DESCRIPTION | |
| Pagination | xi, 310 p. : |
| Illustrations | ill. ; |
| Size | 24 cm. |
| 500 ## - GENERAL NOTE | |
| General note | Includes index |
| 650 ## - SUBJECT ADDED ENTRY--TOPICAL TERM | |
| Topical term or geographic name as entry element | Algebras, Linear. |
| 9 (RLIN) | 137168 |
| Topical term or geographic name as entry element | Functional analysis |
| 9 (RLIN) | 151470 |
| 700 ## - ADDED ENTRY--PERSONAL NAME | |
| Personal name | Silverman, Richard A., Translator |
| 942 ## - ADDED ENTRY ELEMENTS (KOHA) | |
| Source of classification or shelving scheme | Dewey Decimal Classification |
| Koha item type | Books |
| Lost status | Source of classification or shelving scheme | Damaged status | Not for loan | Collection code | Permanent Location | Current Location | Shelving location | Date acquired | Source of acquisition | Cost, normal purchase price | Total Checkouts | Full call number | Date last seen | Copy number | Koha item type |
|---|---|---|---|---|---|---|---|---|---|---|---|---|---|---|---|
| Dewey Decimal Classification | Non-fiction | Central Library, University of Rajshahi | Central Library, University of Rajshahi | 18/06/1964 | Zeitlinger | 66.00 | 512.51 SHI 1961 | 27/08/2016 | C-2 | Books |